The rediscovery of Shenoute : studies in honor of Stephen Emmel /

Stephen Emmel, professor at the University of Munster since 1996, has devoted much of his work to researching the manuscript tradition of the works composed by the Egyptian archimandrite Shenoute (4th/5th c.), the most prolific Coptic author and crucial for the study of the language. Thanks to a mas...

وصف كامل

محفوظ في:

مؤلفون آخرون: Boud'hors, Anne, 1958- (المحرر), Brakke, David (المحرر), Crislip, Andrew T. (المحرر), Moawad, Samuel (المحرر)

التنسيق: كتاب

اللغة: English
French
German

منشور في: Leuven : Peeters, 2022.

سلاسل: Orientalia Lovaniensia analecta ; 310.

الموضوعات:

الوسوم: إضافة وسم

لا توجد وسوم, كن أول من يضع وسما على هذه التسجيلة!

رقم الطلب: DS1 .O7 v.310

LEADER 03325nam a22006257a 4500
003 OSt
005 20260428094713.0
008 260428t20222022be ao b 011 0 eng d
010 |a  2022300990 
020 |a 9789042948303  |q cloth 
020 |a 9042948302  |q cloth 
024 3 |a 9789042948303 
035 |a 23176435 
035 |a (OCoLC)1341505897 
040 |a OHX  |b eng  |c OHX  |d ERASA  |d EYM  |d OCLCF  |d JHE  |d J9U  |d YDX  |d DLC 
041 0 |a eng  |a fre  |a ger 
042 |a lccopycat 
050 1 4 |a DS1  |b .O7 v.310 
072 7 |a BX  |2 lcco 
082 0 4 |a 270 
245 0 4 |a The rediscovery of Shenoute :  |b studies in honor of Stephen Emmel /  |c edited by Anne Boud'hors ; with the assistance of David Brakke, Andrew Crislip and Samuel Moawad. 
246 3 0 |a Studies in honor of Stephen Emmel 
264 1 |a Leuven :  |b Peeters,  |c 2022. 
264 4 |c ©2022 
300 |a xxii, 546 pages :  |b color illustrations ;  |c 26 cm. 
336 |a text  |b txt  |2 rdacontent 
336 |a still image  |b sti  |2 rdacontent 
337 |a unmediated  |b n  |2 rdamedia 
338 |a volume  |b nc  |2 rdacarrier 
490 1 |a Orientalia Lovaniensia analecta,  |x 0777-978X ;  |v 310 
504 |a Bibliography of Stephen Emmel: pages xiii-xx. 
504 |a Includes bibliographical references and indexes. 
520 8 |a Stephen Emmel, professor at the University of Munster since 1996, has devoted much of his work to researching the manuscript tradition of the works composed by the Egyptian archimandrite Shenoute (4th/5th c.), the most prolific Coptic author and crucial for the study of the language. Thanks to a masterful reconstruction of the Shenoutean corpus, from a hundred witnesses, all fragmentary and dispersed, he made this research make considerable progress, which opened the way to studies on the content of the works and the history of monasticism during this period. In homage to these pioneering works, and to S. Emmel's stimulating leadership, this volume brings together twenty-five contributions which illustrate the variety of approaches and issues in the study of Shenoute's sermons and the manuscripts transmitting them: Bible, liturgy, magic, patristics, history, hagiography, philology, codicology, and even archeology are all fields affected by this collection. 
546 |a 21 English, 2 French, 2 German contributions. 
600 0 0 |a Shenute,  |c Saint,  |d approximately 348-466. 
600 0 7 |a Shenute,  |c Saint,  |d approximately 348-466.  |2 fast  |0 (OCoLC)fst01802652 
600 0 7 |a Shenute,  |c Saint,  |d approximately 348-466  |2 nli 
610 2 0 |a Coptic Church  |x History. 
610 2 7 |a Coptic Church.  |2 fast  |0 (OCoLC)fst00536919 
610 2 7 |a Coptic Church  |x History  |2 nli 
650 0 |a Coptic manuscripts. 
650 7 |a Coptic manuscripts.  |2 fast  |0 (OCoLC)fst01734594 
650 7 |a Manuscripts, Coptic  |2 nli 
655 7 |a History.  |2 fast  |0 (OCoLC)fst01411628 
700 1 |a Emmel, Stephen,  |e honoree. 
700 1 |a Boud'hors, Anne,  |d 1958-  |e editor. 
700 1 |a Brakke, David,  |e editor. 
700 1 |a Crislip, Andrew T.  |q (Andrew Todd),  |e editor. 
700 1 |a Moawad, Samuel,  |e editor. 
776 0 8 |z 9789042948310  |i e-book version 
830 0 |a Orientalia Lovaniensia analecta ;  |v 310. 
906 |a 7  |b cbc  |c copycat  |d 2  |e ncip  |f 20  |g y-gencatlg 
942 |2 lcc  |c BK 
955 |b rk07 2023-06-07 z-processor  |i rk07 2023-06-09 to CMD 
999 |c 62187  |d 62187